[Event "43rd TCh-GRE 2015"]
[Site "Porto Rio GRE"]
[Date "2015.10.10"]
[Round "4.8"]
[White "Papasimakopoulos,Vasilios"]
[Black "Fidrilakis,Stavros"]
[Result "1/2-1/2"]
[WhiteElo "2046"]
[BlackElo "2035"]

1.d4 Nf6 2.c4 e6 3.Nf3 c5 4.d5 exd5 5.cxd5 d6 6.Nc3 g6 7.Bf4 a6 8.a4 Bg7
9.h3 O-O 10.e3 Ne8 11.Be2 Nd7 12.O-O Qe7 13.Bg3 Rb8 14.Qc2 Ne5 15.Nd2 Nc7
16.a5 b5 17.axb6 Rxb6 18.Rfe1 Nb5 19.Nxb5 axb5 20.Ra5 c4 21.Nb1 b4 22.e4 Ba6
23.Qa4 Qb7 24.Kh1 Nd3 25.Bxd3 cxd3 26.e5 dxe5 27.Bxe5 Bxe5 28.Rxe5 Qc7 29.Re1 Bb7
30.Rb5 Qd7 31.Rxb4 Qxd5 32.f3 Rf6 33.Nd2 Re6 34.Rbe4 Rxe4 35.Nxe4 Qe5 36.Qb4 Bxe4
37.Rxe4 Qg5 38.f4 Qg3 39.Qe1 Qxe1+ 40.Rxe1 Rb8 41.Rd1 Rb3 42.Rd2 Kg7 43.Kg1 Kf6
44.Kf2 h5 45.g3 Kf5 46.Kf3 f6 47.g4+ hxg4+ 48.hxg4+ Ke6 49.Ke4 f5+ 50.gxf5+ gxf5+
51.Ke3 Kf6 52.Kd4 Rb4+ 53.Ke3 Rb3 54.Kd4 Rb4+ 55.Kc5 Rxf4 56.b4 Re4 57.b5 Re8
58.Rxd3 Kg5 59.b6 f4 60.Kc6 Kg4 61.Kc7 f3 62.Rd4+ Kg3 63.b7 f2 64.Rd3+  1/2-1/2

[Event "TCh-ARG Superior 2015"]
[Site "Villa Martelli ARG"]
[Date "2015.10.10"]
[Round "7.2"]
[White "Sorin,A"]
[Black "Mareco,S"]
[Result "0-1"]
[WhiteElo "2422"]
[BlackElo "2599"]

1.d4 Nf6 2.c4 e6 3.Nf3 c5 4.d5 exd5 5.cxd5 d6 6.Nc3 g6 7.Bf4 a6 8.a4 Bg7
9.e4 O-O 10.Be2 Bg4 11.h3 Bxf3 12.Bxf3 Qe7 13.O-O Nbd7 14.Qc2 Rab8 15.a5 Ne8
16.Rfe1 Nc7 17.Be2 b5 18.axb6 Rxb6 19.Bd2 Rfb8 20.Ra2 Be5 21.Bf1 Qf6 22.Na4 R6b7
23.Nc3 h5 24.Bc1 Rb6 25.Na4 Rb4 26.Nc3 Bd4 27.Bxa6 c4 28.e5 Nxe5 29.Ne4 Qf5
30.Qd2 Nd3 31.Bxc4 Nxe1 32.Qxd4 Ne8 33.b3 Qf3 34.Kf1 Qxb3  0-1

[Event "TCh-BEL 2015-16"]
[Site "Belgium BEL"]
[Date "2015.10.11"]
[Round "2.4"]
[White "Koch,T1"]
[Black "Tan,Mat"]
[Result "1-0"]
[WhiteElo "2467"]
[BlackElo "2445"]

1.d4 Nf6 2.c4 e6 3.Nf3 c5 4.d5 exd5 5.cxd5 d6 6.Nc3 g6 7.e4 Bg7 8.Nd2 O-O
9.Be2 a6 10.a4 Nbd7 11.O-O Qe7 12.f4 Rb8 13.a5 b5 14.axb6 Rxb6 15.Qc2 Re8
16.Ra2 Bb7 17.Bf3 Rb4 18.b3 h5 19.h3 Nb6 20.Ba3 Rd4 21.Bb2 Rb4 22.Kh1 h4
23.Be2 Nfxd5 24.exd5 Nxd5 25.Nc4 Ne3 26.Nxe3 Qxe3 27.Bf3 Rxf4 28.Nd1 Qe6
29.Bxg7 Rxf3 30.gxf3 Qxh3+ 31.Kg1 Bxf3 32.Qh2 Qg4+ 33.Kf2 Bxd1 34.Bh6 Be2
35.Re1 Qd4+ 36.Kg2 h3+ 37.Qxh3 Bf3+ 38.Qxf3 Rxe1 39.Bf4 d5 40.Rxa6  1-0

[Event "TCh-ROU Superliga 2015"]
[Site "Mamaia ROU"]
[Date "2015.10.11"]
[Round "9.1"]
[White "Toma,Ra"]
[Black "Dolana,A"]
[Result "1/2-1/2"]
[WhiteElo "2292"]
[BlackElo "2330"]

1.d4 Nf6 2.Nf3 e6 3.c4 c5 4.d5 exd5 5.cxd5 d6 6.Nc3 g6 7.Bf4 a6 8.a4 Bg7
9.h3 O-O 10.e3 Ne8 11.Nd2 Nd7 12.Be2 Ne5 13.O-O Rb8 14.a5 f5 15.Bh2 Bd7 16.Qc2 Qe7
17.Rab1 b5 18.axb6 Rxb6 19.Bxe5 Bxe5 20.Nc4 Rb4 21.Nxe5 Qxe5 22.Bxa6 Nc7
23.Be2 f4 24.Na2 Ra4 25.Nc3 Rb4 26.Na2 Ra4  1/2-1/2

[Event "Millionaire KO U2550"]
[Site "Las Vegas USA"]
[Date "2015.10.13"]
[Round "2.2"]
[White "Hernandez Carmenates,Hold"]
[Black "Tazbir,M"]
[Result "0-1"]
[WhiteElo "2524"]
[BlackElo "2516"]

1.d4 Nf6 2.c4 c5 3.d5 e6 4.Nc3 exd5 5.cxd5 d6 6.Nf3 g6 7.Nd2 Bg7 8.e4 O-O
9.Be2 Re8 10.O-O Nbd7 11.a4 b6 12.Re1 Ne5 13.h3 g5 14.Nf1 g4 15.hxg4 Nfxg4
16.f3 Nh6 17.Be3 f5 18.Qd2 Qf6 19.Ng3 Qg6 20.Bf2 Rf8 21.Nb5 f4 22.Nf5 Nxf5
23.exf5 Rxf5 24.Qc2 Bd7 25.Nc7 Raf8 26.Kf1 Qh6 27.Bb5 Bc8 28.Ne6 Qh1+ 29.Bg1 R8f6
30.Re4 Nxf3 31.gxf3 Qxf3+ 32.Ke1 Rg6 33.Bf2 Bxb2 34.Nxf4 Rg1+ 35.Bxg1 Bc3+
36.Qxc3 Qxc3+ 37.Ke2 Re5 38.Rxe5 Qxe5+ 39.Be3 Qxa1 40.Ne6 Qa2+ 41.Bd2 Bxe6  0-1

[Event "World Youth Boys U12 2015"]
[Site "Porto Carras GRE"]
[Date "2015.11.04"]
[Round "10.9"]
[White "Tomasi,Albert"]
[Black "Aydincelebi,Kagan"]
[Result "1-0"]
[WhiteElo "2103"]
[BlackElo "2247"]

1.d4 Nf6 2.c4 c5 3.d5 e6 4.Nc3 exd5 5.cxd5 d6 6.Nf3 g6 7.Nd2 Nbd7 8.e4 Bg7
9.Nc4 Nb6 10.Ne3 O-O 11.Bd3 Qe7 12.O-O a6 13.a4 Ne8 14.Re1 Rb8 15.a5 Nd7
16.f4 b5 17.axb6 Nxb6 18.Na4 Bd4 19.Kh1 Bxe3 20.Bxe3 Nxa4 21.Rxa4 Rxb2 22.Qa1 Rb3
23.Bc4 Rb6 24.e5 Bd7 25.Rxa6 Rxa6 26.Qxa6 dxe5 27.Bf2 e4 28.Qa3 Nd6 29.Bxc5 Qh4
30.g3 Nxc4 31.Qc3 Qg4 32.Bxf8 Kxf8 33.Qxc4 Qf3+ 34.Kg1 e3 35.Qc5+ Kg8 36.Qxe3 Qxd5
37.Rb1 Bc6 38.Rb8+ Kg7 39.Qe5+ Qxe5 40.fxe5 Bd7 41.Rb6 h5 42.Kf2 Kh6 43.Rf6 Be6
44.h4 Bb3 45.Ke3 Kg7 46.Kd4 Kf8 47.Rb6 Ba2 48.Rb2 Be6 49.Kc5 Bg4 50.Kd6 Kg7
51.Ke7 Be6 52.Rb6 Bd5 53.Rf6 Bc4 54.Rf2 Be6 55.Rf4 Bd5 56.g4 hxg4 57.Rxg4 Be6
58.Rg1 Kh6 59.Kf6 Bd5 60.Rd1 Be6 61.Rd6 Ba2 62.Rd7 Kh5 63.Rxf7 Bxf7 64.Kxf7 Kxh4
65.Kxg6  1-0

[Event "FSIM November 2015"]
[Site "Budapest HUN"]
[Date "2015.11.07"]
[Round "1.4"]
[White "Havanecz,B"]
[Black "Szalanczy,E"]
[Result "1-0"]
[WhiteElo "2265"]
[BlackElo "2276"]

1.d4 Nf6 2.c4 e6 3.Nc3 c5 4.d5 exd5 5.cxd5 d6 6.Nf3 g6 7.Nd2 Nbd7 8.e4 Bg7
9.Be2 O-O 10.O-O Re8 11.Qc2 Ne5 12.a4 g5 13.Ra3 Nfd7 14.Re1 Nf8 15.Nf1 Nfg6
16.Ng3 Nf4 17.Bb5 Rf8 18.Nd1 Neg6 19.Ne3 Nh4 20.Bd2 Bd4 21.Bf1 Bd7 22.Bc3 Rc8
23.Nc4 Qf6 24.e5 dxe5 25.Ne4 Qg7 26.Ned6 f6 27.Nxc8 Bxc8 28.Nd6 Qd7 29.Nxc8 Rxc8
30.Bd2 Nxd5 31.Bb5 Qd6 32.Bc4 Kg7 33.Rh3 Ne7 34.Be3 Neg6 35.Qe4 Qd7 36.Bb5 Qf7
37.g3 f5 38.Qh1 e4 39.gxh4 g4 40.Rg3 Nxh4 41.Be2 h5 42.Bg5 f4 43.Bxh4 Bxf2+
44.Kxf2 fxg3+ 45.Kxg3 Qb3+ 46.Kg2 Qh3+ 47.Kg1 Qxh4 48.Rf1 Re8 49.Qg2 Re6
50.Bc4 Re7 51.b3 Kg6 52.Qd2 g3 53.Qd6+ Kh7 54.hxg3 Rg7 55.Kg2 Qe7 56.Qxe7 Rxe7
57.Rf5 Kg6 58.Rxc5 b6 59.Rb5 Rd7 60.Re5 Rd2+ 61.Kf1 Rd4 62.Ke2  1-0

[Event "Marshall FIDE Inv 2015"]
[Site "New York USA"]
[Date "2015.11.08"]
[Round "4.1"]
[White "Jacobson,Brandon"]
[Black "Taborsky,R"]
[Result "1/2-1/2"]
[WhiteElo "2236"]
[BlackElo "2193"]

1.d4 Nf6 2.c4 e6 3.Nf3 c5 4.d5 d6 5.Nc3 exd5 6.cxd5 g6 7.Bf4 a6 8.a4 Bg7
9.h3 O-O 10.e3 Ne8 11.Nd2 Nd7 12.Nc4 Qe7 13.Be2 f5 14.O-O g5 15.Bh2 f4 16.exf4 gxf4
17.Re1 Ne5 18.Bh5 Qd8 19.Nxe5 Bxe5 20.Ne4 Nf6 21.Nxc5 Bf5 22.Ne6 Bxe6 23.dxe6 Nxh5
24.Qxh5 Qf6 25.Rac1 Qxe6 26.Rc7 Qg6 27.Qxg6+ hxg6 28.Rxb7 Rab8 29.Rxb8 Rxb8
30.Re4 g5 31.b4 Rc8 32.Re1 Rc2 33.g4 Bd4 34.Rf1 Rb2 35.b5 axb5 36.axb5 Rxb5
37.h4 Kg7 38.Rd1 Be5 39.hxg5 Kg6 40.f3 Rb2 41.Kh1 Rf2 42.Rd3 Kxg5 43.Bg1 Re2
44.Rd1 Kh4 45.Rf1 Kg3 46.g5 Kh4 47.Rf2 Rxf2 48.Bxf2+ Kxg5 49.Kg2 Bb2 50.Kf1 Kf5
51.Ke2 Ke5 52.Kd3 Kd5 53.Bg1 Ba3 54.Bf2 Bc5 55.Be1 Be3 56.Bh4 Ke5 57.Be1 d5
58.Bh4 Kf5 59.Be1 Kg5 60.Ke2 Bd4 61.Kd3 Be5 62.Bf2 Kh5 63.Bd4 Bd6 64.Bf2 Be5  1/2-1/2

[Event "TCh-SWE Elitserien 2015-16"]
[Site "Sweden SWE"]
[Date "2015.11.08"]
[Round "3.5"]
[White "Andersson,Tom"]
[Black "Ornstein,A"]
[Result "1/2-1/2"]
[WhiteElo "2374"]
[BlackElo "2326"]

1.d4 Nf6 2.c4 e6 3.Nf3 c5 4.d5 d6 5.Nc3 exd5 6.cxd5 g6 7.Bf4 a6 8.a4 Bg7
9.h3 O-O 10.e3 Qe7 11.Bd3 Nbd7 12.O-O Ne8 13.a5 Rb8 14.Na4 b5 15.axb6 Nxb6
16.Nxc5 Nxd5 17.Bg5 Nef6 18.Ne4 Rxb2 19.Nd4 Rb6 20.Ra5 Qd7 21.Nxf6+ Nxf6
22.Qe2 Bb7 23.Bxa6 Ra8 24.Rfa1 Ne4 25.Bxb7 Rxa5 26.Rxa5 Qxb7 27.Qa2 Nxg5
28.Rxg5 Be5 29.f4 Bxd4 30.exd4 Qe4 31.Qd2 Rb1+ 32.Kh2 Rf1 33.f5 h6 34.Rg4 Qxf5
35.Qxh6  1/2-1/2

[Event "FSGM November 2015"]
[Site "Budapest HUN"]
[Date "2015.11.09"]
[Round "3.2"]
[White "Stella,A"]
[Black "Sturt,R"]
[Result "1-0"]
[WhiteElo "2401"]
[BlackElo "2392"]

1.d4 Nf6 2.c4 c5 3.d5 e6 4.Nc3 exd5 5.cxd5 d6 6.Nf3 g6 7.Nd2 Nbd7 8.e4 Bg7
9.Be2 O-O 10.O-O Re8 11.f4 a6 12.a4 Qc7 13.Kh1 Rb8 14.e5 dxe5 15.Nc4 b5 16.axb5 axb5
17.d6 Qd8 18.Nxe5 Nxe5 19.fxe5 Rxe5 20.Bf4 Re8 21.Bxb5 Bd7 22.Bc4 Rxb2 23.Bg5 Bf5
24.Ra7 Rf8 25.Nd5 Kh8 26.Qa1 Qxd6 27.Bxf6 Bxf6 28.Nxf6 Qxf6 29.Rb7 Rxb7 30.Qxf6+ Kg8
31.h4 Bg4 32.Rf4 Bd1 33.h5 gxh5 34.Qg5+ Kh8 35.Qe5+ Kg8 36.Qd5 Rb1 37.Qg5+ Kh8
38.Qf6+ Kg8 39.Bxf7+  1-0

[Event "41st ch-BAN 2015"]
[Site "Dhaka BAN"]
[Date "2015.11.11"]
[Round "8.7"]
[White "Murshed,N"]
[Black "Chatterjee,D"]
[Result "1/2-1/2"]
[WhiteElo "2443"]
[BlackElo "2274"]

1.d4 Nf6 2.c4 c5 3.d5 e6 4.Nc3 exd5 5.cxd5 d6 6.Nf3 g6 7.Nd2 Bg7 8.Nc4 O-O
9.Bf4 Ne8 10.g3 b6 11.a4 Ba6 12.Qb3 Bxc4 13.Qxc4 a6 14.Qb3 Nd7 15.Bg2 Ne5
16.O-O Rb8 17.Qc2 Nc7 18.Rfb1 h6 19.Ra2 g5 20.Bxe5 Bxe5 21.Be4 b5 22.Nd1 Bd4
23.e3 Bg7 24.f3 Ne8 25.f4 gxf4 26.gxf4 Qh4 27.Qf2 Qxf2+ 28.Nxf2 f5 29.Bc2 c4
30.axb5 axb5 31.Ra7 b4 32.b3  1/2-1/2

[Event "Philippine Int Open 2015"]
[Site "Olongapo City PHI"]
[Date "2015.11.12"]
[Round "6.7"]
[White "Narayanan,SL"]
[Black "Nolte,R"]
[Result "1-0"]
[WhiteElo "2481"]
[BlackElo "2417"]

1.d4 Nf6 2.c4 e6 3.Nf3 c5 4.d5 exd5 5.cxd5 d6 6.Nc3 g6 7.Bf4 a6 8.a4 Qe7
9.e3 Bg7 10.Bd3 O-O 11.h3 Nbd7 12.O-O Rb8 13.e4 Ne8 14.Bh2 Ne5 15.Nxe5 Bxe5
16.f4 Bd4+ 17.Kh1 b5 18.axb5 axb5 19.Nxb5 Bxb2 20.Ra2 Bg7 21.e5 Bd7 22.Qe2 Bxb5
23.Bxb5 Nc7 24.Bc6 Rfd8 25.exd6 Qxe2 26.Rxe2 Ne8 27.d7 Nd6 28.f5 Bf8 29.fxg6 hxg6
30.Re8  1-0

[Event "FSIM November 2015"]
[Site "Budapest HUN"]
[Date "2015.11.14"]
[Round "7.1"]
[White "Havanecz,B"]
[Black "Marholev,D"]
[Result "1/2-1/2"]
[WhiteElo "2265"]
[BlackElo "2291"]

1.d4 Nf6 2.c4 c5 3.d5 e6 4.Nc3 exd5 5.cxd5 d6 6.Nf3 g6 7.e4 Bg7 8.Be2 O-O
9.O-O Re8 10.Qc2 Na6 11.Bg5 h6 12.Bh4 Nc7 13.Rfe1 Rb8 14.a4 Na6 15.Nd2 Nb4
16.Qb1 b6 17.Nc4 Ba6 18.h3 Bxc4 19.Bxc4 g5 20.Bg3 Nh5 21.Bh2 Nf4 22.Qd1 Be5
23.Bb5 Rf8 24.Re3 a6 25.Be2 Qf6 26.Rc1 Rfe8 27.Bg4 c4 28.Rf3 Qg7 29.Qf1 Nbd3
30.Rc2 b5 31.axb5 axb5 32.Bd7 b4 33.Bxe8 bxc3 34.Bxf7+ Qxf7 35.bxc3 Qb7 36.Bxf4 gxf4
37.Rxd3 cxd3 38.Qxd3 Qb1+ 39.Kh2 f3+ 40.g3 Rb2 41.Qxf3 Qxc2 42.Qg4+ Kf8 43.Qc8+ Ke7
44.Qc7+ Kf6 45.Qd8+ Kg6 46.Qe8+ Kh7 47.Qf7+ Bg7 48.Qf5+ Kg8 49.Qe6+  1/2-1/2

[Event "Philippine Int Open 2015"]
[Site "Olongapo City PHI"]
[Date "2015.11.14"]
[Round "10.5"]
[White "Narayanan,SL"]
[Black "Antonio,R"]
[Result "1-0"]
[WhiteElo "2481"]
[BlackElo "2478"]

1.d4 Nf6 2.c4 e6 3.Nf3 c5 4.d5 exd5 5.cxd5 d6 6.Nc3 g6 7.Bf4 a6 8.a4 Bg7
9.h3 Qe7 10.e3 O-O 11.Bd3 Nfd7 12.O-O Ne5 13.Nxe5 Bxe5 14.Bxe5 Qxe5 15.Qd2 Nd7
16.Rae1 Rb8 17.f4 Qe7 18.e4 f6 19.Kh1 Rf7 20.b3 Qd8 21.Nd1 b5 22.axb5 axb5
23.Ne3 Kg7 24.Ng4 h5 25.Nh2 Ba6 26.Nf3 Qb6 27.e5 dxe5 28.fxe5 Nxe5 29.Nxe5 fxe5
30.Rxf7+ Kxf7 31.Qh6  1-0

[Event "TCh-CZE 1 Liga Vychod"]
[Site "Czech Republic CZE"]
[Date "2015.11.15"]
[Round "3.6"]
[White "Vechet,S"]
[Black "Mrva,Mare"]
[Result "1-0"]
[WhiteElo "2166"]
[BlackElo "2205"]

1.d4 Nf6 2.c4 c5 3.d5 e6 4.Nc3 exd5 5.cxd5 d6 6.Nf3 g6 7.e4 Bg7 8.Be2 O-O
9.O-O a6 10.a4 Bg4 11.h3 Bxf3 12.Bxf3 Nbd7 13.Bf4 Ne8 14.Qd2 Rb8 15.Be2 Qa5
16.Rfb1 f5 17.exf5 gxf5 18.Bh6 Qd8 19.Bxg7 Kxg7 20.b4 Qh4 21.f4 Nef6 22.Bf3 Rbe8
23.bxc5 Nxc5 24.Rb6 Rf7 25.Rf1 Rd7 26.Kh2 Kf7 27.g3 Qh6 28.Rf2 Rde7 29.Kg2 Nfe4
30.Bxe4 fxe4 31.Qe3 Qf6 32.Rfb2 Kg8 33.Qxc5 e3 34.Rxd6 Qf5 35.Re2 Qd3 36.Re6 Rxe6
37.dxe6 Rxe6 38.Qd5  1-0

[Event "PSC / Puregold Open 2015"]
[Site "Olongapo City PHI"]
[Date "2015.11.18"]
[Round "4.4"]
[White "Zubov,A UKR"]
[Black "Dimakiling,O"]
[Result "0-1"]
[WhiteElo "2630"]
[BlackElo "2372"]

1.d4 Nf6 2.c4 e6 3.Nc3 c5 4.d5 d6 5.Nf3 exd5 6.cxd5 a6 7.a4 Qe7 8.Nd2 Bf5
9.Ra3 Nbd7 10.e4 g5 11.Be2 Bg6 12.O-O Ne5 13.Re1 Bg7 14.Qc2 O-O 15.Nf1 h6
16.Ng3 Rfe8 17.Bd2 b6 18.Qd1 c4 19.Bf1 Qb7 20.b4 Rac8 21.Be3 Nfd7 22.Bd4 Qc7
23.Re3 Qd8 24.Nf5 Bxf5 25.exf5 Nf6 26.h3 h5 27.Rg3 g4 28.hxg4 hxg4 29.Qd2 Qe7
30.Be2 Kf8 31.Bxb6 Nh5 32.Re3 Bh6 33.g3 Qb7 34.a5 Nf6 35.Ra4 Re7 36.Qd1 Bxe3
37.Bxe3 Qd7 38.Qc2 Nf3+ 39.Kf1 Ne4 40.Bxf3 gxf3 41.g4 Rce8 42.Ra1 f6 43.Nxe4 Rxe4
44.Qd1 c3 45.Qxf3 Qb5+ 46.Kg1 Qxb4 47.g5 Rg4+ 48.Kh2 fxg5 49.Kh3 Ree4 50.f6 Rh4+
51.Kg2 Reg4+  0-1

[Event "ch-ISR QF GpB 2015"]
[Site "Kiryat Ono ISR"]
[Date "2015.11.20"]
[Round "6"]
[White "Penzias,M"]
[Black "Shetach,Roey"]
[Result "0-1"]
[WhiteElo "2168"]
[BlackElo "1806"]

1.d4 Nf6 2.c4 e6 3.Nf3 c5 4.d5 d6 5.Nc3 exd5 6.cxd5 a6 7.a4 g6 8.Nd2 Nbd7
9.e4 Bg7 10.Be2 O-O 11.O-O Re8 12.f4 Nb6 13.Re1 Qc7 14.a5 Nbd7 15.Bc4 b5
16.axb6 Nxb6 17.h3 Nxc4 18.Nxc4 Nd7 19.e5 dxe5 20.d6 Qc6 21.Na5 Qb6 22.Nc4 Qc6
23.Na5 Qb6 24.Qd5 Rb8 25.Nc4 Qb7 26.fxe5 Re6 27.Bf4 Qb3 28.Qd3 Bb7 29.Na5 Qb4
30.Nxb7 Qxf4 31.Re4 Nxe5 32.Qd5 Qg3 33.Rf1 Rf6 34.d7 Nxd7 35.Qxd7 Rxf1+ 36.Kxf1 Bd4
37.Rxd4 cxd4 38.Ne2 Qb3 39.Nd6 d3 40.Nc3 a5 41.Nde4 Qc2 42.Nf6+ Kg7 43.Qd4 Qc1+
44.Kf2 Rxb2+ 45.Kg3 Rb4 46.Nh5+ Kh6 47.Qg7+ Kxh5 48.Qxh7+ Kg5  0-1

[Event "UT Dallas Fall FIDE Open"]
[Site "Dallas USA"]
[Date "2015.11.21"]
[Round "2"]
[White "Radovanovic,Nik"]
[Black "Camacho,C"]
[Result "1-0"]
[WhiteElo "2416"]
[BlackElo "2258"]

1.d4 Nf6 2.c4 c5 3.d5 e6 4.Nc3 exd5 5.cxd5 d6 6.Nf3 g6 7.Nd2 a6 8.a4 Nbd7
9.e4 Qe7 10.Be2 Bg7 11.O-O O-O 12.Re1 Rb8 13.a5 Ne8 14.Nc4 Nc7 15.Bf4 Ne5
16.Nb6 Bd7 17.Bg3 Bb5 18.f4 Nd7 19.e5 Bxe2 20.Qxe2 Nxb6 21.axb6 Na8 22.Ne4 Nxb6
23.Nxd6 Nxd5 24.f5 Bh6 25.Qe4 Nb4 26.f6 Qe6 27.Qh4 Bd2 28.Rad1 Qd5 29.Ne4  1-0

[Event "TCh-SVK 2015-16"]
[Site "Slovakia SVK"]
[Date "2015.11.21"]
[Round "3.2"]
[White "Karas,Marek"]
[Black "Maslik,M"]
[Result "0-1"]
[WhiteElo "2280"]
[BlackElo "2333"]

1.d4 Nf6 2.Nf3 e6 3.c4 c5 4.d5 exd5 5.cxd5 d6 6.Nc3 g6 7.g3 Bg7 8.Bg2 O-O
9.O-O Re8 10.Nd2 a6 11.a4 Nbd7 12.Nc4 Nb6 13.Nxb6 Qxb6 14.Qc2 Bd7 15.Bd2 Qc7
16.e4 Ng4 17.Nd1 b5 18.axb5 axb5 19.Rxa8 Rxa8 20.h3 Ne5 21.Ne3 c4 22.b3 Qc5
23.bxc4 Nxc4 24.Nxc4 bxc4 25.Rb1 c3 26.Be3 Bd4 27.Bxd4 Qxd4 28.Rd1 Qc5 29.Rc1 Ra3
30.Qe2 Bb5 31.Qf3 c2 32.Qf4 Rb3 33.e5 dxe5 34.Qxe5 Rb1 35.Qf4 Qa3 36.Qb8+ Qf8
37.Qf4 Qa3 38.Qb8+ Kg7 39.Qe5+ f6 40.Qc7+ Kf8 41.Qb8+ Kg7 42.Qc7+ Bd7 43.Qxd7+ Kh6
44.Rxb1 cxb1=Q+ 45.Kh2 Qac1 46.h4 Qg1+ 47.Kh3 Qf5+ 48.Qxf5 gxf5 49.f4 Kg7
50.Bf3 Kf7  0-1

[Event "29th Belgrade Trophy 2015"]
[Site "Belgrade SRB"]
[Date "2015.11.24"]
[Round "1.2"]
[White "Damljanovic,B"]
[Black "Ilic,SloR"]
[Result "1-0"]
[WhiteElo "2583"]
[BlackElo "2030"]

1.d4 Nf6 2.c4 e6 3.Nf3 c5 4.d5 exd5 5.cxd5 d6 6.Nc3 g6 7.Nd2 Bg7 8.e4 O-O
9.Be2 Re8 10.O-O a6 11.a4 Nbd7 12.h3 g5 13.Nc4 Nxe4 14.Nxe4 Rxe4 15.Nxd6 Rd4
16.Qc2 Ne5 17.Nf5 Bxf5 18.Qxf5 Rxd5 19.Bxg5 Qxg5 20.Qxg5 Nf3+ 21.Bxf3 Rxg5
22.Bxb7 Ra7 23.f4 Rg6 24.Bd5 Rd6 25.Bc4 Bxb2 26.Rab1 Rd2 27.Kh2 a5 28.Rf3 Re7
29.Rg3+ Kf8 30.Rg5 Re4 31.Rxc5 Rxf4 32.Kg3 Rff2 33.Bf1 Ba3 34.Rxa5 Bd6+ 35.Kh4 Rd4+
36.g4 Be7+ 37.Kh5 Kg7 38.Re5 Bf6 39.Rc5 Be7 40.Rcb5 Rxa4 41.Re1 Bf6 42.Rd5 Raf4
43.Ba6 Rh2 44.Re3 h6 45.Bb7 Rb2 46.Rd7 Rbb4 47.Rg3 Rb6 48.Bd5 Bd4 49.Bxf7 Rxf7
50.Rxd4 Rb5+ 51.Kh4 Rb1 52.Re3 Rg1 53.Rd6 Rh1 54.Kh5 Rf4 55.Rg6+  1-0

[Event "51st American Open 2015"]
[Site "Orange USA"]
[Date "2015.11.27"]
[Round "4"]
[White "Yanayt,E"]
[Black "Sevillano,E"]
[Result "0-1"]
[WhiteElo "2228"]
[BlackElo "2464"]

1.d4 Nf6 2.c4 c5 3.d5 e6 4.Nc3 exd5 5.cxd5 d6 6.Nf3 g6 7.Nd2 Bg7 8.e4 O-O
9.Be2 Na6 10.O-O Nc7 11.a4 Re8 12.Re1 Rb8 13.h3 a6 14.a5 Bd7 15.f4 Bb5 16.Bf3 Bd3
17.Re3 c4 18.Rxd3 cxd3 19.Nc4 Nb5 20.Qxd3 Nd7 21.Na4 Rc8 22.Bd2 Nc5 23.Nxc5 Rxc5
24.Be3 Rc8 25.Bb6 Qf6 26.Bg4 Rxc4 27.Qxc4 Qxf4 28.Rb1 f5 29.Bf3 fxe4 30.Bg4 Be5
31.Rf1 Qh2+ 32.Kf2 Rf8+ 33.Ke1 Qg3+ 34.Kd1 Rxf1+ 35.Qxf1 Qb3+ 36.Ke1 Bg3+
37.Kd2 Qxb2+ 38.Ke3 Qb3+ 39.Kxe4 Nc3+ 40.Kd3 Qb5+  0-1

[Event "Pavlodar Open 2015"]
[Site "Pavlodar KAZ"]
[Date "2015.12.07"]
[Round "1.22"]
[White "Suleymenov,Alisher"]
[Black "Egorov,Mikhail"]
[Result "1-0"]
[WhiteElo "2271"]
[BlackElo "1732"]

1.d4 Nf6 2.c4 e6 3.Nc3 c5 4.d5 exd5 5.cxd5 d6 6.Nf3 a6 7.a4 Nbd7 8.h3 g6
9.Bf4 Qc7 10.Nd2 Nh5 11.Bh2 Be7 12.e4 O-O 13.Be2 Ng7 14.O-O f5 15.Nc4 f4
16.Qb3 Kh8 17.Bg4 Ne5 18.Nb6 Bxg4 19.Nxa8 Rxa8 20.hxg4 Rf8 21.Ne2 g5 22.f3 c4
23.Qc2 Nd3 24.Kh1 Bf6 25.Rab1 Be5 26.b3 b5 27.axb5 axb5 28.bxc4 bxc4 29.g3 Qc5
30.gxf4 gxf4 31.Bg1 Qc8 32.Nc1 Nh5 33.Bh2 Ng3+ 34.Bxg3 fxg3 35.Nxd3 cxd3
36.Qxd3 Qa8 37.Qe2 Bf4 38.Kg2 Rc8 39.Rb2 Rc3 40.Rc2 Qa3 41.Rb2 Kg8 42.Rb8+ Kf7
43.Rb7+ Kg6 44.e5 Re3 45.Qd1 Rxe5 46.Re1 Kf6 47.Rxe5 Kxe5 48.Qe2+ Kxd5 49.Qe4+ Kc5  1-0

[Event "2nd Etna Open 2015"]
[Site "Nicolosi ITA"]
[Date "2015.12.08"]
[Round "7"]
[White "Prohaszka,P2"]
[Black "Santagati,A"]
[Result "1-0"]
[WhiteElo "2607"]
[BlackElo "2262"]

1.d4 Nf6 2.c4 c5 3.d5 e6 4.Nc3 exd5 5.cxd5 d6 6.Nf3 g6 7.Nd2 Nbd7 8.e4 Bg7
9.Be2 O-O 10.O-O Re8 11.a4 Ne5 12.Ra3 Bg4 13.f3 Bd7 14.Re1 Rc8 15.Nf1 a6
16.a5 c4 17.Be3 Bb5 18.Nxb5 axb5 19.Qd2 c3 20.bxc3 Nc4 21.Bxc4 Rxc4 22.Bb6 Qc8
23.Ne3 Nd7 24.Nxc4 Nxb6 25.axb6 Qxc4 26.Kh1 Rc8 27.Qe2 Qxe2 28.Rxe2 b4 29.Rb3 Rxc3
30.Rxc3 Bxc3 31.Re3 f5 32.exf5 gxf5 33.f4 Kf7 34.g3 Bd4 35.Rb3 Bc5 36.Kg2 Kg6
37.Kf3 h5 38.h3 Kf6 39.Rb2 Kg6 40.Ke2 Kf6 41.Kd3 Bxb6 42.Rxb4 Bf2 43.Rxb7 Bxg3
44.Ke3 Be1 45.Rd7 Bb4 46.Kd3 h4 47.Rh7 Be1 48.Rh5  1-0

[Event "7th Penang Open 2015"]
[Site "Penang MAS"]
[Date "2015.12.08"]
[Round "2.43"]
[White "Chan,Yi Meng Ryan"]
[Black "Hng,Emmanuelle"]
[Result "1-0"]
[WhiteElo "1959"]
[BlackElo "1731"]

1.d4 Nf6 2.c4 c5 3.d5 e6 4.Nc3 exd5 5.cxd5 d6 6.Nf3 g6 7.h3 Bg7 8.e4 O-O
9.Bd3 Re8 10.O-O Na6 11.Re1 Nc7 12.Bf4 a6 13.a4 b6 14.Nd2 Rb8 15.Nc4 Bf8
16.Qf3 b5 17.Bg5 Be7 18.Nxd6 Bxd6 19.Bxf6 Be7 20.Bxe7 Qxe7 21.axb5 Nxb5 22.Nxb5 axb5
23.Qf4 Rb6 24.Ra8 c4 25.Bf1 Rd6 26.Re3 Kg7 27.Ra7 Bd7 28.g3 g5 29.Qf3 Qe5
30.Qe2 Qd4 31.Ra1 Qe5 32.Bg2 Rh6 33.g4 Rd6 34.Qd2 Rc8 35.Qc3 f6 36.Qxe5 fxe5
37.Bf1 Rf8 38.Ra7 Rf7 39.Be2 Rdf6 40.f3 Bc8 41.Rea3 Rxa7 42.Rxa7+ Rf7 43.Ra5 Rb7
44.Kf2 Kf7 45.Ke3 Ke7 46.Ra6 Kd7 47.Re6 Kc7 48.Rxe5 h6 49.Re7+ Kd6 50.Rxb7 Bxb7
51.Kd4 Ba8 52.Bd1 Bb7 53.Bc2 b4 54.e5+ Ke7 55.Kxc4  1-0

[Event "7th Penang Open 2015"]
[Site "Penang MAS"]
[Date "2015.12.09"]
[Round "5.32"]
[White "Chan,Yi Meng Ryan"]
[Black "Noguchi,K"]
[Result "0-1"]
[WhiteElo "1959"]
[BlackElo "2115"]

1.d4 Nf6 2.c4 c5 3.d5 e6 4.Nc3 exd5 5.cxd5 d6 6.Nf3 g6 7.h3 Bg7 8.e4 a6 9.a4 Nbd7
10.Bd3 Nh5 11.O-O O-O 12.Be2 Re8 13.Bg5 Bf6 14.Qc1 b6 15.g4 Ne5 16.Be3 Ng7
17.Nxe5 Bxe5 18.Qc2 h5 19.f4 Qh4 20.Bf2 Bd4 21.Bxd4 Qg3+ 22.Kh1 Qxh3+ 23.Kg1 cxd4
24.Nd1 Bxg4 25.Qd3 f5 26.Nf2 Qxd3 27.Bxd3 Bf3 28.Rae1 Kf8 29.Kh2 Ra7 30.Kg3 fxe4
31.Nxe4 Bxe4 32.Rxe4 Nf5+ 33.Kf3 Rxe4 34.Bxe4 Re7 35.Bxf5 Re3+ 36.Kf2 gxf5
37.Rh1 Re4 38.Rxh5 d3 39.Rxf5+ Ke7 40.Rh5 d2 41.Rh1 Rxa4 42.Ke3 Rb4 43.Kxd2 Rxb2+
44.Kc3 Rb5 45.Ra1 a5 46.Re1+ Kd7 47.Rd1 a4 48.Kc4 Rb3 49.Re1 b5+ 50.Kd4 Rb4+
51.Ke3 a3 52.Ra1 Rb3+ 53.Kd4 b4 54.f5 Ke7 55.Kc4 Rb2 56.Kb5 a2 57.Ka4 Kf6
58.Kb5 b3  0-1

[Event "7th Penang Open 2015"]
[Site "Penang MAS"]
[Date "2015.12.11"]
[Round "8.48"]
[White "Izzuddin,Zain"]
[Black "Hng,Emmanuelle"]
[Result "0-1"]
[WhiteElo "1937"]
[BlackElo "1731"]

1.d4 Nf6 2.c4 c5 3.d5 e6 4.Nc3 exd5 5.cxd5 d6 6.Nf3 g6 7.g3 Bg7 8.Bg2 O-O
9.O-O Re8 10.h3 Na6 11.Nd2 Nc7 12.a4 b6 13.Re1 Rb8 14.e4 a6 15.Nc4 b5 16.axb5 axb5
17.Na5 Bd7 18.Nc6 Bxc6 19.dxc6 b4 20.Nd5 Nb5 21.h4 Ra8 22.c7 Nxc7 23.Rb1 Nfxd5
24.exd5 Rxe1+ 25.Qxe1 Qd7 26.Bf4 Re8 27.Qf1 Nb5 28.Bh3 Qb7 29.Qc4 Be5 30.Re1 Nd4
31.Kg2 Qc7 32.Bd2 Rb8 33.Ra1 Qe7 34.Re1 Qb7 35.h5 Qb5 36.Qxb5 Nxb5 37.Bc1 gxh5
38.f4 Bf6 39.Kf3 Ra8 40.f5 Ra2 41.Bf1 Bxb2  0-1

[Event "Zadar Open A 2015"]
[Site "Zadar CRO"]
[Date "2015.12.15"]
[Round "4.9"]
[White "Rezan,S"]
[Black "Cebalo,M"]
[Result "1-0"]
[WhiteElo "2423"]
[BlackElo "2405"]

1.d4 Nf6 2.c4 c5 3.d5 e6 4.Nc3 exd5 5.cxd5 d6 6.Nf3 g6 7.Bf4 a6 8.a4 Bg7
9.h3 O-O 10.e3 Ne8 11.Be2 Nd7 12.O-O b6 13.Re1 Ne5 14.e4 Nxf3+ 15.Bxf3 Ra7
16.Qd2 Re7 17.Rad1 Bd4 18.Ne2 Be5 19.Bxe5 dxe5 20.b4 Nd6 21.bxc5 bxc5 22.Ng3 f6
23.Rc1 Qc7 24.Rc2 Bd7 25.Rec1 c4 26.Qb4 Kf7 27.Be2 a5 28.Qa3 Rc8 29.Qa2 Qb6
30.Bxc4 Ree8 31.Bb5 Nxb5 32.axb5 Qxb5 33.Rc7 Rxc7 34.Rxc7 Rb8 35.Qa3 Rb7
36.Rxb7 Qxb7 37.Qxa5 Qb1+ 38.Kh2 h5 39.Qd8 Be8 40.Qc7+ Kf8 41.d6 h4 42.Qe7+  1-0

[Event "99th Edward Lasker Mem"]
[Site "New York USA"]
[Date "2015.12.19"]
[Round "7"]
[White "Sturt,R"]
[Black "Podavonov,Alisher"]
[Result "1-0"]
[WhiteElo "2374"]
[BlackElo "2194"]

1.d4 Nf6 2.c4 e6 3.Nf3 c5 4.d5 exd5 5.cxd5 d6 6.Nc3 g6 7.Bf4 Bg7 8.Qa4+ Bd7
9.Qb3 Qc7 10.e4 O-O 11.Be2 Nh5 12.Be3 Bg4 13.h3 Bxf3 14.Bxf3 Nf6 15.e5 Ne8
16.e6 c4 17.Qa4 fxe6 18.dxe6 Bxc3+ 19.bxc3 Rxf3 20.gxf3 Qc6 21.Qxc6 Nxc6
22.h4 Ne5 23.h5 Nxf3+ 24.Ke2 Ne5 25.f4 Nc6 26.hxg6 hxg6 27.Rh6 Ne7 28.Bd4 Kf8
29.Rh8+ Ng8 30.Rh7 Nef6 31.Rf7+  1-0